| 000 | 00754nam a22002057a 4500 | ||
|---|---|---|---|
| 999 |
_c720 _d720 |
||
| 003 | AR-CdUCM | ||
| 008 | 190225b ||||| |||| 00| 0 spa d | ||
| 040 |
_aMUNICIPALIDAD PROVINCIAL DEL CUSCO _cBIBLIOTECA MUNICIPAL DEL CUSCO |
||
| 082 |
_a869.56 / _bV18 |
||
| 100 |
_aValcarcel, Gustavo _9737 |
||
| 245 | _aObra poética / | ||
| 260 |
_aLima : _bEditorial Humboldt; _c1988. |
||
| 300 |
_a310 paginas ; _b31 ilustraciones. _c21 cm. |
||
| 505 | _aConfín del tiempo y la rosa -- Cantos del amor terrestre -- Retrato de la revolución -- Pentagrama de Chile antifascista -- Las coplas de Elvira ... | ||
| 650 |
_aPoesías peruanas _91481 |
||
| 650 |
_aSiglo XX _98 |
||
| 650 |
_aPoesías clásicas _92769 |
||
| 942 |
_2ddc _cLIBROS |
||
| 945 |
_arum _d2019-02-25 |
||